| 000 | 00687 am a22002173 4500 | ||
|---|---|---|---|
| 001 | 005345697 | ||
| 005 | 20131111121316.0 | ||
| 008 | 970513|1929 xxu || |||| ||eng | | ||
| 020 | _a1176276603 | ||
| 020 | _a9781176276604 | ||
| 082 |
_222 _a624.1834 _bDES |
||
| 110 | 2 |
_aPortland Cement Association. _934423 |
|
| 245 | 1 | 0 |
_aDesign and control of concrete mixtures / _cPortland Cement Association |
| 250 | _a3rd ed. | ||
| 260 |
_a[Chicago], _bPortland Cement Association, _c1929. |
||
| 300 |
_a71 p. : _bill., charts ; _c23 cm. |
||
| 650 |
_934422 _aConcrete _xMixing |
||
| 653 |
_bCiv _cNovember2013 |
||
| 942 |
_2ddc _cBB |
||
| 999 |
_c17747 _d17719 |
||